000 00611nam a22001937a 4500
003 OSt
005 20251105073325.0
008 251105b |||||||| |||| 00| 0 eng d
020 _a978-971-07-3462-7
040 _aDWCL - Main Lib
_cOC
082 _aFil. 950 C955 2014
100 _aCruz, Romela M.
245 _aAsian Studies /
_cRomela M. Cruz [and four others]
260 _aQuezon City , Philippines :
_bVibal Group,
_cc2014.
300 _aviii , 536 Pages :
_bCol Ill ;
_c 26cm.
504 _aIncludes bibliography and glossary
650 _a1. Social studies-Asia
942 _2ddc
_cBK-FIL
_kFil.
_n0
999 _c5496
_d5496